NASCAR team owners - Statistics

General Stats
  • This quiz has been taken 27 times
  • The average score is 7 of 9
Answer Stats
Hint Answer % Correct
Legacy motor club Jimmie Johnson Richard petty Maury gallagher
95%
Stewart-Haas racing tony stewart gene haas
95%
JR motorsport dale earnhardt jr. Rick hendrick
89%
23xi racing Denny hamlin Michael Jordan
89%
Rfk racing jack Roush brad keselowski
89%
Track house racing Pitbull Justin marks
79%
Live fast motorsports B. J. McLeod Matt tifft Joe falk
68%
Thorsport racing duke thorson Rhonda thorson
42%
Tricon garage johnny gray David gilliland
37%
No matching quizzes found
Score Distribution
Percent of People with Each Score
Percentile by Number Answered
Your Score History
You have not taken this quiz